<?xml version="1.0" encoding="UTF-8"?>
<record
    xmlns:xsi="http://www.w3.org/2001/XMLSchema-instance"
    xsi:schemaLocation="http://www.loc.gov/MARC21/slim http://www.loc.gov/standards/marcxml/schema/MARC21slim.xsd"
    xmlns="http://www.loc.gov/MARC21/slim">

  <leader>01082nam a2200301 a 4500</leader>
  <controlfield tag="001">BRL_1386</controlfield>
  <controlfield tag="005">20190320211159.0</controlfield>
  <controlfield tag="008">100114s1991----mx-ab#####---#000-0#spa-#</controlfield>
  <datafield tag="020" ind1=" " ind2=" ">
    <subfield code="a">9686487913</subfield>
  </datafield>
  <datafield tag="041" ind1=" " ind2=" ">
    <subfield code="a">spa</subfield>
  </datafield>
  <datafield tag="044" ind1=" " ind2=" ">
    <subfield code="a">mx</subfield>
  </datafield>
  <datafield tag="050" ind1=" " ind2="4">
    <subfield code="a">F1221.O86</subfield>
    <subfield code="b">.V43 1991</subfield>
  </datafield>
  <datafield tag="100" ind1="1" ind2=" ">
    <subfield code="a">Oliver Vega, Beatriz</subfield>
    <subfield code="9">26727</subfield>
  </datafield>
  <datafield tag="245" ind1="1" ind2="0">
    <subfield code="a">Textiles Otomies</subfield>
    <subfield code="c">Beatriz Oliver Vega [y] Lydia Salazar Medina ; fotograf&#xED;a Gonzalo G&#xF3;mez C....[et al.] ; ilustraciones Eduardo P&#xE9;rez ...[et al.]</subfield>
  </datafield>
  <datafield tag="260" ind1=" " ind2=" ">
    <subfield code="a">M&#xE9;xico</subfield>
    <subfield code="b">INAH</subfield>
    <subfield code="c">1991</subfield>
  </datafield>
  <datafield tag="300" ind1=" " ind2=" ">
    <subfield code="a">135 p.</subfield>
    <subfield code="b">il., mapas</subfield>
    <subfield code="c">28 cm.</subfield>
  </datafield>
  <datafield tag="500" ind1=" " ind2=" ">
    <subfield code="a">Au1615</subfield>
  </datafield>
  <datafield tag="500" ind1=" " ind2=" ">
    <subfield code="a">En la parte inferior de la portada &#xB4;Cat&#xE1;logo de las colecciones etnograficas del Museo Nacional de Antropolog&#xED;a&#xB4;</subfield>
  </datafield>
  <datafield tag="504" ind1=" " ind2=" ">
    <subfield code="a">Bibliograf&#xED;a: p. 33</subfield>
  </datafield>
  <datafield tag="650" ind1="1" ind2="4">
    <subfield code="a">Telas otom&#xED;es</subfield>
    <subfield code="v">Cat&#xE1;logos</subfield>
    <subfield code="9">26728</subfield>
  </datafield>
  <datafield tag="650" ind1="1" ind2="4">
    <subfield code="a">Textiles otom&#xED;es</subfield>
    <subfield code="v">Cat&#xE1;logos</subfield>
    <subfield code="9">26729</subfield>
  </datafield>
  <datafield tag="650" ind1="1" ind2="4">
    <subfield code="a">Otom&#xED;es</subfield>
    <subfield code="v">Cat&#xE1;logos</subfield>
    <subfield code="x">Ropa</subfield>
    <subfield code="9">26730</subfield>
  </datafield>
  <datafield tag="700" ind1="1" ind2=" ">
    <subfield code="a">Salazar Medina, Lydia</subfield>
    <subfield code="e">coaut.</subfield>
    <subfield code="9">26731</subfield>
  </datafield>
  <datafield tag="700" ind1="1" ind2=" ">
    <subfield code="a">G&#xF3;mez C., Gonzalo</subfield>
    <subfield code="e">il.</subfield>
    <subfield code="9">26732</subfield>
  </datafield>
  <datafield tag="700" ind1="1" ind2=" ">
    <subfield code="a">P&#xE9;rez, Eduardo</subfield>
    <subfield code="e">il.</subfield>
    <subfield code="9">26733</subfield>
  </datafield>
  <datafield tag="902" ind1=" " ind2=" ">
    <subfield code="a">GRL</subfield>
  </datafield>
  <datafield tag="942" ind1=" " ind2=" ">
    <subfield code="2">lcc</subfield>
    <subfield code="c">B</subfield>
  </datafield>
  <datafield tag="999" ind1=" " ind2=" ">
    <subfield code="c">10197</subfield>
    <subfield code="d">10197</subfield>
  </datafield>
  <datafield tag="952" ind1=" " ind2=" ">
    <subfield code="0">0</subfield>
    <subfield code="1">0</subfield>
    <subfield code="4">0</subfield>
    <subfield code="7">0</subfield>
    <subfield code="a">BRL</subfield>
    <subfield code="b">BRL</subfield>
    <subfield code="d">2014-01-10</subfield>
    <subfield code="i">Au1615</subfield>
    <subfield code="l">0</subfield>
    <subfield code="o">F1221.O86 .V43 1991 (Au1615)</subfield>
    <subfield code="p">GRL01544</subfield>
    <subfield code="r">2019-03-22 00:00:00</subfield>
    <subfield code="w">2019-03-22</subfield>
    <subfield code="y">B</subfield>
  </datafield>
</record>
